000 00297nam a2200109 a 4500
005 20201002031134.0
008 130308s2004 000 spa d
100 _aFoyaca de la Concha, Manuel
_964362
245 0 _aPensamiento social del cristianismo.
260 _aSanto Domingo.
999 _c37422
_d37422
040 _aDO-SdBNP